000
00318nam a2200133Ia 4500
008
240624s9999 xx 000 0 und d
041
_a
eng
082
_a
658.4 ILM
100
_a
I L M
245
_a
COMMITMENT TO EQUALITY
260
_c
2007
_a
Management,2007
300
_a
viii, : 118 : p. : cm. ; 29
365
_c
_b
30
999
_c
16293
_d
16293